000 00612nam a22001577a 4500
008 160528b xxu||||| |||| 00| 0 eng d
082 _22015
_aUT 0632
_bM36
100 _99615
_aMarzon, Reachell R.
245 _aBrand awareness and brand trust of apparel customer in Digos Cty/
_cReachell R. Marzon, Anna Marie P. Watin and Mairalyn C. Lapiz.
260 _aDigos City:
_bUMDC
_cNovember 2015.
300 _a75 pages;
_c29 cm.
650 0 _99614
_aBusiness Administration
_vMarketing Management
_xUndergraduate thesis.
700 _99612
_aWatin, Anna Marie P.
700 _99613
_aLapiz, Mairalyn C.
942 _2ddc
_cUT
999 _c2892
_d2892